00335nam a2200109Ia 4500008004100000082001200041082000800053245006300061245004600124260004600170300000900216231017s9999 xx 000 0 und d a363.125 bGUI 0aGuidelines for the development of road safety master plans 0cCity of Tshwane Metropolitan Municipality bCity of Tshwane Metropolitan Municipality c30cm